000 01314cam a22003497a 4500
003 CHAP
005 20220329142657.0
008 020925d2002 mx d r 00110 spa d
010 _a86381
011 _a87353
035 _a97896
040 _cCHAP
090 _aTesis
100 0 0 _aJaramillo Escutia, Gerardo.
_961118
245 1 0 _aInseminación artificial intrauterina con semen fresco en ovejas primiparas (F1) Dorper-Pelibuey
_c/por Gerardo Jaramillo Escutia
260 _aChapingo, Méx. :
_bEl autor,
_c2002
300 _a77 h. :
_bcuadros
502 _aTesis (M.C. en Producción Animal) -- UACH. Departamento de Zootecnia. Programa de Maestria en Producción Animal
590 _aALEPH
_b10
_c20130110
_lUCH01
_h1449
590 _aBATCH-UPD
_b10
_c20130110
_lUCH01
_h0918
590 _aBATCH-UPD
_b10
_c20130410
_lUCH01
_h0540
590 _aBATCH-UPD
_b10
_c20130914
_lUCH01
_h1519
590 _aCONVERSION
_b10
_c20130109
_lUCH01
_h1348
650 1 4 _aGanado lanar
_xReproducción.
_945220
650 1 4 _aInseminación artificial.
_958964
650 1 4 _aSemen
_xGanado lanar.
_9103863
901 _aBK
905 _aMarco A. Mendoza T.
942 _cFOLL
949 _aTesis
_bBC
_cTES
_d33724000870556
_eTS2
_fc.2
_gDonaciØn
_h40046
_i97896
_si
949 _aTesis
_bBC
_cTES
_d978961
_eTS1
_gDonaciØn
_h40045
_i97896
_sb
999 _c86381
_d86381